000 00247nam a22001097a 4500
008 230629b xxu||||| |||| 00| 0 eng d
082 _a335.00
_bTHI
245 _aSocialist Thought and Practice
260 _c1977
300 _a122p
942 _2ddc
_cBK
999 _c2963
_d2963